Corpse collector: a true story (Record no. 360777)
[ view plain ]
| 000 -LEADER | |
|---|---|
| fixed length control field | 01854nam a22002297a 4500 |
| 003 - CONTROL NUMBER IDENTIFIER | |
| control field | OSt |
| 005 - DATE AND TIME OF LATEST TRANSACTION | |
| control field | 20260424153154.0 |
| 008 - FIXED-LENGTH DATA ELEMENTS--GENERAL INFORMATION | |
| fixed length control field | 260424b |||||||| |||| 00| 0 eng d |
| 020 ## - INTERNATIONAL STANDARD BOOK NUMBER | |
| International Standard Book Number | 9789353455217 |
| 040 ## - CATALOGING SOURCE | |
| Transcribing agency | AACR-II |
| 082 ## - DEWEY DECIMAL CLASSIFICATION NUMBER | |
| Classification number | 362.88 VIN |
| 100 ## - MAIN ENTRY--PERSONAL NAME | |
| Personal name | Vinu P |
| 9 (RLIN) | 18923 |
| 245 ## - TITLE STATEMENT | |
| Title | Corpse collector: a true story |
| 260 ## - PUBLICATION, DISTRIBUTION, ETC. | |
| Place of publication, distribution, etc. | New Delhi |
| Name of publisher, distributor, etc. | Jugggernaut Books |
| Date of publication, distribution, etc. | 2026 |
| 300 ## - PHYSICAL DESCRIPTION | |
| Extent | 238 p. |
| 520 ## - SUMMARY, ETC. | |
| Summary, etc. | In India, an unnatural death – an accident, a suicide, a killing –turns a human body into something untouchable. The moment life leaves it, caste, fear and stigma turn the deceased into an abomination, an object no one will approach. Families recoil,neighbours avert their eyes and even those tasked with public duty step back. And into that silence walks Vinu.<br/><br/>A professional corpse collector, Vinu P does what society refuses to do. With compassion that seems bottomless, he gathers shattered bodies from roadsides and canals, helps the police with inquests and post-mortems, and buries the unclaimed dead with dignity. He is the last witness to countless lives – and yet, for the people he serves, he remains invisible, shunned and expendable.<br/><br/>This searing memoir – written by Vinu P and Niyas Kareem, and translated from the Malayalam with elegance and clarity by the acclaimed Ministhy S. – tells the story of a man who has spent his life among the dead but is most wounded by the living. A critically acclaimed bestseller in Malayalam, it is a portrait of cruelty, neglect, and the quiet heroism that survives despite both. A literary work of rare power, The Corpse Collector forces us to confront the bodies we refuse to see – and the humanity we abandon with them. |
| 650 ## - SUBJECT ADDED ENTRY--TOPICAL TERM | |
| Topical term or geographic name entry element | Biography |
| 9 (RLIN) | 18924 |
| 650 ## - SUBJECT ADDED ENTRY--TOPICAL TERM | |
| Topical term or geographic name entry element | Autobiography |
| 9 (RLIN) | 18925 |
| 650 ## - SUBJECT ADDED ENTRY--TOPICAL TERM | |
| Topical term or geographic name entry element | Memoir |
| 9 (RLIN) | 18926 |
| 700 ## - ADDED ENTRY--PERSONAL NAME | |
| Personal name | Kareem, Niyas |
| 9 (RLIN) | 18927 |
| 942 ## - ADDED ENTRY ELEMENTS (KOHA) | |
| Source of classification or shelving scheme | Dewey Decimal Classification |
| Koha item type | Books |
| Date last seen | Total Checkouts | Full call number | Barcode | Date due | Date last checked out | Price effective from | Koha item type | Lost status | Source of classification or shelving scheme | Damaged status | Not for loan | Withdrawn status | Home library | Current library | Date acquired | Cost, normal purchase price |
|---|---|---|---|---|---|---|---|---|---|---|---|---|---|---|---|---|
| 2026-05-12 | 1 | 362.88 VIN | 185900 | 2026-05-27 | 2026-05-12 | 2026-04-24 | Books | Not Missing | Dewey Decimal Classification | Not Damaged | Gandhi Smriti Library | Gandhi Smriti Library | 2026-04-24 | 699.00 |
